| 000 | 03742cam a22004454i 4500 | ||
|---|---|---|---|
| 003 | PE-LiUPU | ||
| 005 | 20250731183425.0 | ||
| 008 | 150706s r 000 0 d | ||
| 020 | _a9783037680063 | ||
| 035 | _a(Sirsi) i9783037680063 | ||
| 040 |
_aPE-LiUPU _bspa _cPE-LiUPU _erda |
||
| 049 | _aPRUA | ||
| 082 | 0 | 4 |
_a725.5102 _bH _221 |
| 245 | 0 | 1 |
_aHospital architecture + design / _cChristine Nickl-Weller; Hans Nickl (eds.). |
| 264 | 1 |
_a[Berlin] : _bBraun, _c2009. |
|
| 300 |
_a301 páginas ; _c25 centímetros |
||
| 336 |
_atext _2rdacontent |
||
| 337 |
_aunmediated _2rdamedia |
||
| 338 |
_avolume _2rdacarrier |
||
| 490 | 0 | _aMasterpieces | |
| 500 | _a"Inglés, Alemán y Francés"-- escrito en tres idiomas. | ||
| 505 | 0 | _aAgatharied Hospital -- ALB Hospital -- Anadolu Medical Center -- Angelika Lautenshläger Clinic -- Ärztehaus Rodenkirchen Köln -- Bellevue Hospital Ambulatory Care Building -- Böbligen District Hospital -- Cardiac Center of the University Hospital -- Catholic Hospital of St. Johann Nepomuk -- Cha Women´s and Children´s Hospital -- The Children's Hospital -- The Children´s Hospital -- Clinic hanover Nordstadt -- Clinical Center of the City of Wolfsburg -- Clinical Center of the Johann Wolfgang Goethe-University -- Clinic Sainte-Marie -- Community Hospital North New Women and Infants Center -- The credit Valley Hospital -- Daimiel´s Health Care Center-outpatient Specialty Center -- Fletcher Allen Health Care, The Renaissance Project -- Graz-West State Hospital -- Greifswald University Clinical Center -- Health Center -- Healthcarte Center Seekirchen -- Heart Hospital at Baptist Medical Center -- Helios Clinical Center -- Helsingor Psychiatric Hospital -- Hospital Regional de Alta Especiaalidad -- Innsbruck University Clinical Center -- Johannes Wesling Clinical Center -- K-Clinic -- Kaiser Permanente Panorama City Medical Center -- Kings Conuty Hospital Center -- Knittelfeld State Hospital -- Krefeld Clinical Center -- Legacy Salmon Creek Hospital -- Mildred-Scheel House -- Minamigaoka Clinic -- Municipal Clinic Center -- New Mestre Hospital -- The New Martini Hospital -- Ostalb Clinical Center -- Obstalb Clinical Center, Clinic Hotel -- Palomar Medical Center West -- Pan Praxisklinik am Neumarkt -- Pediatric Clinic "Princess Margaret" -- Peter and Paula Fasseas Cancer Clinic at University Medical Center -- Pictou Landing Health Center -- Pole De Sante Sarthe et Loire -- Ravelo Medical Clinic, Ravelo -- Rebecca and John Moores UCSD Cancer Center -- Rehab Basle -- Royal Ottawa Hospital -- Sophien and Hufeland Clinic -- Olav´s Hospital Neuro Center -- Thunder Bay Regional Health Sciences Center -- University Clinical Center Carl Gustav Carus -- University Clinical Center -- William Osler Health Center -- Woodbury Dermatology Clinic -- Workmen's Compensation Casualty Clinic. | |
| 526 | _aP158 | ||
| 526 | _aP146 | ||
| 526 | _aP17 | ||
| 526 | _aP12 | ||
| 526 | _aP06 | ||
| 541 | _g001-000206; | ||
| 650 | 0 | 4 |
_aDiseño arquitectónico _xHospitales _vDiseño de interiores. |
| 650 | 0 | 4 | _aEdificios sanitarios. |
| 700 | 1 |
_aChamot, Claire, _etr. |
|
| 700 | 1 |
_aNickl, Hans, _eed. |
|
| 700 | 1 |
_aNickl-Weller, Christine, _eed. |
|
| 910 | _a | ||
| 942 |
_2ddc _cBOOK |
||
| 949 |
_a725.5102 H _wDEWEY _c1 _i61614 _d2016-2-2 _e2016-2-1 _lCCODEBUL1 _mBUL _n1 _p82.00 _r0 _sY _tBOOK _u2015-7-6 _xINGENIERIA _PP06 _0COMPRA _o.STAFF. Colección General |
||
| 994 |
_aC0 _bPEPRU |
||
| 596 | _a1 | ||
| 999 |
_a725.5102 H _wDEWEY _c50795 _i61614 _d50795 _e2019-9-29 _f2021-11-10 _g7 _lCCODEBUL1 _mBUL _n14 _p82.00 _q4 _r0 _sY _tBOOK _u2015-7-6 _xINGENIERIA _PP06 _0COMPRA _o.STAFF. Colección General |
||
| 980 |
_81 _gALBERTO SANCHEZ Responsable de Automatización |
||